Product Planning and Management

Salvato in:
Dettagli Bibliografici
Autore principale: Sachs, William S.
Altri autori: Benson, George
Natura: Libro
Lingua:inglese
Pubblicazione: Tulsa Pennwell Publ. Co. 1981
Edizione:1. ed.
Soggetti:
Tags: Aggiungi Tag
Nessun Tag, puoi essere il primo ad aggiungerne!!

MARC

LEADER 00000nam a2200000 4500
001 c001045
005 20221220103628.4
020 |a 0-87814-149-9 
041 0 |a eng 
044 |a US 
245 1 0 |a Product Planning and Management  |c William S. Sachs, George Benson 
250 |a 1. ed. 
264 1 |a Tulsa  |b Pennwell Publ. Co.  |c 1981 
300 |a 428 s. 
610 2 0 |a plánovanie výroby 
610 2 0 |a výrobky nové 
610 2 0 |a manažment 
610 2 0 |a riadenie výroby 
610 2 0 |a vývoj výrobku 
610 2 0 |a výroba 
610 2 0 |a obchod 
610 2 0 |a trh 
610 2 0 |a plánovanie strategické 
610 2 0 |a kontrola kvality 
610 2 0 |a inovácia 
100 1 |a Sachs, William S. 
700 1 |a Benson, George